[Event "ACD 09-10"]
[Site "http://www.queenalice.com/game.php?id=670871"]
[Date "2009.10.22"]
[Round "-"]
[White "pepeillo"]
[Black "doriam"]
[Result "1-0"]
[WhiteElo "1885"]
[BlackElo "1714"]

1. d4 d5 2. h3 g6 3. Nc3 e6 4. e4 Bg7 5. exd5 exd5 6. Bf4 c6 7. Nf3 Nf6 8. Qe2+
Be6 9. Ng5 O-O 10. Nxe6 fxe6 11. Qxe6+ Kh8 12. O-O-O Ne4 13. Nxe4 dxe4 14. Qxe4
Qb6 15. Bd6 Rd8 16. Be5 Rg8 17. Bc4 Bxe5 18. Qxe5+ Rg7 19. Qe8+ 1-0

[Event "PATIYPAMI"]
[Site "http://www.queenalice.com/game.php?id=671397"]
[Date "2009.10.23"]
[Round "-"]
[White "din4"]
[Black "pepeillo"]
[Result "0-1"]
[WhiteElo "1328"]
[BlackElo "1931"]

1. e4 e5 2. d4 exd4 3. Qxd4 Nf6 4. Qe5+ Qe7 5. Qxe7+ Bxe7 6. f3 a6 7. e5 Nd5 8.
c3 d6 9. c4 Nb4 10. Na3 dxe5 11. Bd2 N8c6 12. f4 exf4 13. Bxf4 Bf6 14. O-O-O Bf5
15. Bxc7 Nxa2+ 16. Kd2 Bxb2 17. Ne2 Bxa3 18. Ke3 Bc5+ 19. Kf4 Be6 20. Ng3 g5+
21. Kxg5 Rg8+ 22. Kf4 Nc3 23. Rd2 Rg4+ 24. Kf3 Nd4+ 25. Ke3 Nf5+ 26. Kd3 Nxg3
27. Kxc3 Nxh1 28. h3 Rh4 0-1

[Event "Challenge"]
[Site "http://www.queenalice.com/game.php?id=697964"]
[Date "2009.12.14"]
[Round "-"]
[White "leduar"]
[Black "pepeillo"]
[Result "0-1"]
[WhiteElo "1958"]
[BlackElo "1950"]

1. e4 e5 2. Nf3 d5 3. exd5 Qxd5 4. Nc3 Qe6 5. Ng5 Qf5 6. d4 exd4 7. Qe2+ Ne7 8.
Nb5 Na6 9. Nxd4 Qf6 10. Nb5 Bf5 11. Qc4 Nc6 12. Bd2 O-O-O 13. Rb1 Bb4 14. Nf3
Ne5 15. Bxb4 Nxc4 16. Bc3 Rhe8+ 17. Be2 Qg6 18. Nh4 Qe6 19. O-O Nd2 20. Bxd2
Qxe2 21. Nxa7+ Kb8 22. Be3 Bxc2 23. Rbe1 Qg4 24. Nf3 Bd3 25. h3 Qb4 26. Nd4 Rxd4
27. Bxd4 Rxe1 0-1

[Event "AUTO-ADV-1508"]
[Site "http://www.queenalice.com/game.php?id=728870"]
[Date "2010.2.9"]
[Round "2"]
[White "pepeillo"]
[Black "Artking"]
[Result "1-0"]
[WhiteElo "1967"]
[BlackElo "1732"]

1. d4 Nf6 2. c4 g6 3. Nc3 Bg7 4. g3 d6 5. Nf3 Nbd7 6. Bg2 c6 7. O-O O-O 8. h3 e5
9. e4 a6 10. d5 c5 11. Qe2 Nh5 12. a3 Qe8 13. Be3 f5 14. exf5 gxf5 15. Ng5 Ndf6
16. b4 cxb4 17. axb4 e4 18. Nb5 axb5 19. Rxa8 Qd7 20. Ne6 Re8 21. Nxg7 Nxg7 22.
Rfa1 bxc4 23. Qxc4 b5 24. Qc6 Bb7 25. Qxd7 Nxd7 26. Rxe8+ Nxe8 27. Ra7 1-0

[Event "AUTO-ADV-1508"]
[Site "http://www.queenalice.com/game.php?id=728871"]
[Date "2010.2.9"]
[Round "2"]
[White "Artking"]
[Black "pepeillo"]
[Result "0-1"]
[WhiteElo "1811"]
[BlackElo "1974"]

1. e4 d5 2. exd5 Qxd5 3. d4 Nc6 4. Nf3 Qe4+ 5. Be3 Nb4 6. Bc4 Nxc2+ 7. Kd2 Nxa1
8. Bxf7+ Kd8 9. Nc3 Qf5 10. Ne5 Nh6 11. Bc4 e6 12. Qa4 Nf7 13. g4 Qf6 14. Rxa1
Nxe5 15. dxe5 Qxe5 16. Nb5 Qxb2+ 17. Qc2 Bb4+ 18. Kd3 Qxa1 19. Bg5+ Be7 20. Bf4
e5 21. Bd2 a6 22. Nxc7 Rf8 23. Be3 Kxc7 24. Bf7+ Kb8 25. Bb6 Qf1+ 26. Ke4 Qg2+
27. Ke3 Bg5+ 28. Kd3 Rxf7 0-1

[Event "AUTO-ADV-1508"]
[Site "http://www.queenalice.com/game.php?id=728872"]
[Date "2010.2.9"]
[Round "2"]
[White "pepeillo"]
[Black "lfcanales"]
[Result "0-1"]
[WhiteElo "1968"]
[BlackElo "2026"]

1. d4 d5 2. Bf4 Nf6 3. Nc3 Bf5 4. e3 e6 5. Nf3 Bb4 6. Bd3 Bg4 7. Bg5 h6 8. Bh4
Nc6 9. h3 Bh5 10. a3 Be7 11. g4 Bg6 12. Bxg6 fxg6 13. Qd3 Kf7 14. g5 hxg5 15.
Nxg5+ Kg8 16. Nxe6 Qd7 17. Bxf6 Bxf6 18. Nc5 Qf5 19. Qxf5 gxf5 20. Nxd5 b6 21.
Ne6 Kf7 22. Nexc7 Rac8 23. b3 Ne7 24. c4 Nxd5 25. Nxd5 Bh4 26. Rd1 Rhe8 27. a4
Re4 28. Ke2 Rce8 29. Rhg1 f4 30. a5 Bd8 31. Kf3 g5 32. exf4 gxf4 33. Rg4 Bf6 34.
Rxf4 R4e6 0-1

[Event "AUTO-ADV-1508"]
[Site "http://www.queenalice.com/game.php?id=728873"]
[Date "2010.2.9"]
[Round "2"]
[White "lfcanales"]
[Black "pepeillo"]
[Result "1-0"]
[WhiteElo "2011"]
[BlackElo "1983"]

1. e4 e5 2. Nf3 Nc6 3. Bb5 a6 4. Ba4 Nf6 5. Nc3 Bc5 6. h3 b5 7. Bb3 b4 8. Nd5
Nxe4 9. d4 exd4 10. O-O O-O 11. Qd3 Nf6 12. Bg5 Be7 13. Nxe7+ Qxe7 14. Rfe1 Qd6
15. Rad1 Bb7 16. Nxd4 Rfe8 17. Qc4 Rxe1+ 18. Rxe1 Ne5 19. Qe2 Re8 20. Bf4 Qxd4
21. Bxe5 Qc5 22. Qc4 Qxc4 23. Bxc4 d6 24. f4 dxe5 25. fxe5 Kf8 26. Kf1 Ne4 27.
Bd3 Rxe5 28. Rd1 f5 29. Bc4 Ke7 30. g4 fxg4 31. hxg4 Rg5 32. Be2 Ng3+ 33. Kf2
Nxe2 34. Kxe2 Rxg4 35. Kd3 1-0

[Event "desempate acd "]
[Site "http://www.queenalice.com/game.php?id=757528"]
[Date "2010.4.7"]
[Round "-"]
[White "franliro"]
[Black "pepeillo"]
[Result "1-0"]
[WhiteElo "1936"]
[BlackElo "1954"]

1. e4 e5 2. Nf3 d6 3. d4 exd4 4. Nxd4 Nf6 5. Bg5 Be7 6. Bd3 Nxe4 7. Bxe7 Qxe7 8.
O-O Nc5 9. Re1 Be6 10. Bc4 Qf6 11. Nxe6 fxe6 12. Qg4 Qxb2 13. Nd2 O-O 14. Bxe6+
Kh8 15. Qc4 Nxe6 16. Qxe6 Qxc2 17. Nf3 1-0

[Event "vidrala"]
[Site "http://www.queenalice.com/game.php?id=1457600"]
[Date "2017.1.2"]
[Round "-"]
[White "Nomada76"]
[Black "pepeillo"]
[Result "0-1"]
[WhiteElo "1704"]
[BlackElo "1941"]

1. e4 e5 2. Bc4 Nc6 3. a3 Nf6 4. d3 d5 5. exd5 Nxd5 6. Qf3 Nd4 7. Qxd5 Nxc2+ 8.
Kd1 Qxd5 9. Bxd5 Nxa1 10. b4 a5 11. b5 Bg4+ 12. f3 O-O-O 13. Bc4 Bf5 14. Kd2
Nb3+ 15. Kc3 Nxc1 16. Nh3 Nxd3 17. Ng5 Nf2 18. Rf1 Nd1+ 19. Kb3 Bxb1 20. Nxf7
a4+ 21. Kxa4 Bc2+ 22. Ka5 Nb2 23. Be6+ Kb8 24. Nxd8 b6+ 25. Ka6 Nd3 26. Nc6+ Ka8
27. g3 Nc5# 0-1

[Event "Challenge"]
[Site "http://www.queenalice.com/game.php?id=1457603"]
[Date "2017.1.2"]
[Round "-"]
[White "pepeillo"]
[Black "pokemon"]
[Result "1-0"]
[WhiteElo "1983"]
[BlackElo "1938"]

1. e4 c6 2. d4 d5 3. e5 Qb6 4. Nf3 Bg4 5. Nbd2 e6 6. h3 Bh5 7. a3 c5 8. c4 Ne7
9. dxc5 Qxc5 10. b4 Qc7 11. Bb2 dxc4 12. Nxc4 Bxf3 13. Nd6+ Kd7 14. Qxf3 Nf5 15.
Nxf5 exf5 16. Rc1 Qb6 17. Qxf5+ Qe6 18. Qf3 Nc6 19. Bb5 Rc8 20. Bc4 Qe7 21. Qg4+
Kd8 22. b5 Nxe5 23. Qd1+ Ke8 24. O-O Rxc4 25. Rxc4 Nxc4 26. Re1 Nxb2 27. Rxe7+
Bxe7 28. Qc2 Bf6 29. Qc8+ Bd8 30. Qxb7 h5 31. Qxa7 Rh6 32. Qd4 Bf6 33. Qd5 Na4
34. Qe4+ Kf8 35. Qxa4 Bd8 36. Qa8 Ke8 37. a4 Re6 38. a5 Kd7 39. a6 Bc7 40. g3
1-0

[Event "vidrala"]
[Site "http://www.queenalice.com/game.php?id=1457626"]
[Date "2017.1.2"]
[Round "-"]
[White "pepeillo"]
[Black "Nomada76"]
[Result "1-0"]
[WhiteElo "1937"]
[BlackElo "1647"]

1. e4 e5 2. Nf3 Nc6 3. Bc4 Bc5 4. d3 h6 5. c3 d6 6. b4 Bb6 7. a4 a6 8. a5 Ba7 9.
O-O Bg4 10. h3 Bh5 11. Nbd2 Nf6 12. Re1 O-O 13. Nf1 Nh7 14. Ng3 Bxf3 15. Qxf3
Ng5 16. Qg4 Kh8 17. Rf1 f6 18. h4 Nh7 19. Nf5 g5 20. Nxh6 Qe7 21. Qh5 1-0

[Event "Grupo B"]
[Site "http://www.queenalice.com/game.php?id=1457638"]
[Date "2017.1.3"]
[Round "-"]
[White "pokemon"]
[Black "pepeillo"]
[Result "0-1"]
[WhiteElo "1952"]
[BlackElo "1950"]

1. d4 Nf6 2. e3 d5 3. Bd3 a6 4. Nd2 Nc6 5. c3 e5 6. dxe5 Nxe5 7. Bc2 Bd6 8. Ngf3
Nxf3+ 9. Nxf3 O-O 10. O-O Bg4 11. h3 Bh5 12. Bd3 Ne4 13. Be2 Re8 14. Nd4 Bxe2
15. Qxe2 c5 16. Nf3 Qf6 17. Rd1 Rad8 18. Kf1 Bg3 19. Qc2 Nxf2 20. Rd2 Nxh3 21.
Rd3 c4 22. Rd4 Ng5 23. Ke2 Nxf3 24. gxf3 Qh6 25. Qa4 Qh1 26. Kd2 Qg2+ 27. Kd1
Qxf3+ 28. Kc2 Be5 29. Rd2 Qe4+ 30. Kd1 Qxe3 31. Kc2 Qe4+ 32. Kd1 Qf3+ 33. Kc2
Bf4 0-1

[Event "GRUPO B"]
[Site "http://www.queenalice.com/game.php?id=1457673"]
[Date "2017.1.3"]
[Round "-"]
[White "Unicorn"]
[Black "pepeillo"]
[Result "0-1"]
[WhiteElo "1146"]
[BlackElo "2014"]

1. d4 Nf6 2. g3 d5 3. Nc3 a6 4. Bg2 Nc6 5. Bf4 h6 6. Nf3 g5 7. Be3 Ng4 8. Qd3
Nb4 9. Qd2 Bf5 10. O-O Nxc2 11. Rac1 Ncxe3 12. fxe3 e6 13. h3 Nf6 14. a3 Qd7 15.
g4 Bh7 16. Ne5 Qd8 17. Rf2 Be7 18. Rcf1 h5 19. gxh5 c6 20. e4 Bxe4 21. Nxe4 dxe4
22. Qxg5 Rxh5 23. Qg7 Rh7 24. Qg3 Qxd4 25. e3 Qd6 26. Bxe4 Rh5 27. Rxf6 Bxf6 28.
Qg8+ Qf8 29. Qxf8+ Kxf8 30. Nd7+ Ke7 31. Nxf6 Rxh3 32. Bg2 Rxe3 33. Ng4 Re2 34.
Rb1 Rd2 35. Ne5 Rg8 36. Nf3 Rgxg2+ 37. Kh1 Rxb2 38. Rd1 Rgf2 39. Rd3 Rf1+ 40.
Ng1 Rbb1 0-1

[Event "Challenge"]
[Site "http://www.queenalice.com/game.php?id=1457674"]
[Date "2017.1.3"]
[Round "-"]
[White "pepeillo"]
[Black "Unicorn"]
[Result "1-0"]
[WhiteElo "1948"]
[BlackElo "1100"]

1. e4 Nc6 2. d4 e6 3. d5 Nce7 4. Nc3 g6 5. Qd4 f6 6. Bd3 e5 7. Qc4 g5 8. Nb5 Kf7
9. d6+ Kg7 10. dxe7 Bxe7 11. Nxc7 Rb8 12. h4 a6 13. hxg5 b5 14. gxf6+ Nxf6 15.
Bh6+ Kg6 16. Qc3 Ng4 17. Be2 Nxh6 18. Qxe5 Bf6 19. Qg3+ Bg5 20. Nh3 Nf7 21. Bh5+
Kxh5 22. Nf4# 1-0

[Event "2 Ronda torneo Castellar Vidrio"]
[Site "http://www.queenalice.com/game.php?id=1471853"]
[Date "2017.4.4"]
[Round "-"]
[White "escorpi63"]
[Black "pepeillo"]
[Result "0-1"]
[WhiteElo "1424"]
[BlackElo "2016"]

1. Nf3 d6 2. d4 Nf6 3. Nc3 Bf5 4. Bf4 c6 5. e3 g6 6. h3 Qb6 7. Rb1 Bg7 8. Bd3
Bxd3 9. Qxd3 Qa6 10. Qxa6 Nxa6 11. O-O Nh5 12. Bh2 f5 13. Ng5 Nf6 14. Ne6 Bf8
15. b4 Kd7 16. Nxf8+ Rhxf8 17. Rfd1 Nc7 18. a4 Ne4 19. Nxe4 fxe4 20. c4 a6 21.
d5 cxd5 22. cxd5 b5 23. a5 Rf5 24. Rd4 Raf8 25. Bg3 Rxd5 26. Rxe4 Rd2 27. Bh4
Nd5 28. Re1 Rc8 29. Rg4 Rb2 30. e4 Nxb4 31. e5 Nd3 32. Re3 Nxe5 33. Rd4 Rc1+ 34.
Kh2 Rc5 35. f4 Nc6 36. Rde4 Rcc2 37. Rg3 Rc4 38. Rxc4 bxc4 39. Rc3 Nxa5 40. Be1
Re2 41. Rc1 Nb3 42. Rb1 a5 43. h4 a4 44. Bb4 d5 45. Kh3 d4 46. Kg3 c3 47. Bxc3
dxc3 0-1